[Event "Kragero op"]
[Site "Kragero"]
[Date "2024.02.25"]
[Round "9"]
[White "Elmi, Saad Abobaker"]
[Black "Kaasen, Tor Fredrik"]
[Result "1/2-1/2"]
[WhiteElo "2323"]
[BlackElo "2437"]
[PlyCount "69"]
[EventDate "2024.02.21"]
[EventType "swiss"]
[EventRounds "9"]
[EventCountry "NOR"]
[SourceTitle "CB09_2024"]
[SourceDate "2024.02.28"]
[SourceVersion "1"]
[SourceVersionDate "2024.02.28"]
[SourceQuality "1"]

1. e4 c5 2. Nf3 d6 3. d4 cxd4 4. Nxd4 Nf6 5. Nc3 a6 6. Bg5 e6 7. Qf3 h6 8. Bd2 Nbd7 9. 0-0-0 Qc7 10. g4 b5 11. a3 Bb7 12. Qe2 Rc8 13. Be1 g5 14. f3 Ne5 15. Qe3 Be7 16. Bg3 Nfd7 17. Bf2 Rb8 18. h4 Rf8 19. Be2 Nc4 20. Bxc4 Qxc4 21. Nb3 Ne5 22. Na5 Qc7 23. Nxb7 Rxb7 24. Bg3 Nc4 25. Qd4 a5 26. a4 bxa4 27. Nxa4 Rb4 28. b3 Ne5 29. Qe3 Bf6 30. hxg5 hxg5 31. Rh6 Bg7 32. Rh7 Bf6 33. Rh6 Bg7 34. Rh7 Bf6 35. Rh6 1/2-1/2

[Event "Kragero op"]
[Site "Kragero"]
[Date "2024.02.22"]
[Round "3"]
[White "Elmi, Saad Abobaker"]
[Black "Valvag, Torbjorn"]
[Result "1/2-1/2"]
[WhiteElo "2323"]
[BlackElo "1951"]
[PlyCount "117"]
[EventDate "2024.02.21"]
[EventType "swiss"]
[EventRounds "9"]
[EventCountry "NOR"]
[SourceTitle "CB09_2024"]
[SourceDate "2024.02.28"]
[SourceVersion "1"]
[SourceVersionDate "2024.02.28"]
[SourceQuality "1"]

1. e4 c5 2. Nf3 Nc6 3. Bb5 g6 4. 0-0 Bg7 5. Re1 e5 6. Bxc6 dxc6 7. d3 Qe7 8. a4 a5 9. Na3 Nf6 10. Nc4 Nd7 11. Be3 0-0 12. Qd2 b6 13. Bh6 Re8 14. Bxg7 Kxg7 15. Ne3 Nf8 16. Ra3 Qc7 17. h3 f6 18. Nh2 Ne6 19. Rf1 Nf4 20. h4 h5 21. f3 f5 22. Raa1 Qe7 23. Qf2 Rf8 24. exf5 gxf5 25. Rae1 Ba6 26. Kh1 Kh7 27. g3 Ng6 28. b3 f4 29. Ng2 fxg3 30. Qxg3 Qf6 31. Re4 Rg8 32. Qg5 Qxg5 33. hxg5 Raf8 34. Rg1 Bc8 35. Nh4 Nxh4 36. Rxh4 Kg6 37. Re4 Rf5 38. Rge1 Rxg5 39. Rxe5 Kf6 40. Rxg5 Rxg5 41. Nf1 Be6 42. Kh2 Re5 43. Ne3 Kg5 44. Kg3 h4+ 45. Kf2 Kf6 46. Rh1 Rh5 47. Ng2 Kg5 48. Re1 Rh6 49. Ne3 h3 50. Kg3 h2 51. f4+ Kf6 52. Rh1 Rh3+ 53. Kf2 Rh4 54. Nf1 Kf5 55. Ne3+ Kf6 56. Nf1 Kf5 57. Ne3+ Kf6 58. Nf1 Kf5 59. Ne3+ 1/2-1/2

[Event "Rilton Cup 51st"]
[Site "Stockholm"]
[Date "2024.01.04"]
[Round "8"]
[White "Elmi, Saad Abobaker"]
[Black "Logdahl, Harald"]
[Result "0-1"]
[WhiteElo "2333"]
[BlackElo "2187"]
[PlyCount "68"]
[EventDate "2023.12.27"]
[EventType "swiss"]
[EventRounds "9"]
[EventCountry "SWE"]
[SourceTitle "CB02_2024"]
[SourceDate "2024.01.10"]
[SourceVersion "1"]
[SourceVersionDate "2024.01.10"]
[SourceQuality "1"]

1. e4 Nf6 2. e5 Nd5 3. d4 d6 4. Nf3 Nb6 5. exd6 cxd6 6. c4 g6 7. Be2 Bg7 8. 0-0 0-0 9. h3 Nc6 10. Nc3 Bf5 11. Be3 d5 12. c5 Nc4 13. Bc1 b6 14. cxb6 axb6 15. g4 Bc8 16. b3 Nd6 17. Bf4 e6 18. Rc1 Bb7 19. a4 Ne4 20. Nb5 Rc8 21. Qd3 Qe7 22. Qe3 Qb4 23. Rb1 Ba6 24. Rfd1 Bxb5 25. axb5 Na5 26. Qd3 Rc3 27. Bd2 Nxd2 28. Qxd2 Rfc8 29. g5 Qa3 30. b4 Rc2 31. Qe1 Nc4 32. Bd3 Rb2 33. Kg2 Rxb1 34. Rxb1 Qxd3 0-1

[Event "Rilton Cup 51st"]
[Site "Stockholm"]
[Date "2023.12.30"]
[Round "4"]
[White "Elmi, Saad Abobaker"]
[Black "Jarmula, Lukasz"]
[Result "0-1"]
[WhiteElo "2333"]
[BlackElo "2425"]
[PlyCount "80"]
[EventDate "2023.12.27"]
[EventType "swiss"]
[EventRounds "9"]
[EventCountry "SWE"]
[SourceTitle "CB02_2024"]
[SourceDate "2024.01.10"]
[SourceVersion "1"]
[SourceVersionDate "2024.01.10"]
[SourceQuality "1"]

1. e4 d6 2. d4 Nf6 3. Nc3 Nc6 4. Nf3 g6 5. d5 Nb8 6. Be2 Bg7 7. 0-0 0-0 8. Be3 e6 9. Qd2 exd5 10. exd5 Bg4 11. h3 Bxf3 12. Bxf3 Nbd7 13. Rfe1 a6 14. b3 Re8 15. Rad1 Re7 16. g3 Qf8 17. a4 Rae8 18. Kf1 h5 19. Bg5 Re5 20. Bf4 Rxe1+ 21. Rxe1 Ne5 22. Bg2 Kh7 23. Ne4 Nxe4 24. Rxe4 Nd7 25. Rc4 Nc5 26. b4 b5 27. axb5 axb5 28. Rxc5 dxc5 29. Bxc7 cxb4 30. Bf3 Be5 31. Ba5 Bd6 32. Qd3 Rc8 33. Be4 Rc4 34. Qf3 Kg8 35. Bd3 Rc3 36. Qf6 Qe7 37. Qd4 Ra3 38. Qb6 b3 39. Qxb5 b2 40. c3 Ra1+ 0-1

[Event "Rilton Cup 51st"]
[Site "Stockholm"]
[Date "2023.12.27"]
[Round "1"]
[White "Mihelic, Vesna"]
[Black "Elmi, Saad Abobaker"]
[Result "0-1"]
[WhiteElo "2112"]
[BlackElo "2333"]
[PlyCount "234"]
[EventDate "2023.12.27"]
[EventType "swiss"]
[EventRounds "9"]
[EventCountry "SWE"]
[SourceTitle "CB02_2024"]
[SourceDate "2024.01.10"]
[SourceVersion "1"]
[SourceVersionDate "2024.01.10"]
[SourceQuality "1"]

1. e4 c5 2. Nf3 d6 3. d4 cxd4 4. Qxd4 Nc6 5. Bb5 Bd7 6. Qd3 g6 7. c4 Bg7 8. Nc3 Nf6 9. 0-0 0-0 10. h3 Rc8 11. Be3 a6 12. Bxc6 Bxc6 13. Nd4 Nd7 14. Rac1 Nc5 15. Qc2 b6 16. Nxc6 Rxc6 17. Ne2 Ne6 18. Qd2 Qc7 19. b3 Rc8 20. f4 Nc5 21. Ng3 Bf6 22. Qe2 Bh4 23. Bf2 Qb7 24. f5 Nd7 25. Qg4 Bxg3 26. Bxg3 b5 27. fxg6 hxg6 28. Qf4 f6 29. cxb5 axb5 30. Rcd1 b4 31. h4 Nf8 32. Qg4 Qd7 33. Qxd7 Nxd7 34. Rd4 Rb6 35. Rfd1 Rc2 36. R1d2 Rxd2 37. Rxd2 Kf7 38. Kf2 f5 39. Kf3 Nf6 40. exf5 gxf5 41. Rc2 e5 42. Bf2 Rb5 43. Be1 Nd5 44. Rc4 Rb8 45. Bd2 Ke6 46. h5 e4+ 47. Kf2 Ra8 48. h6 Rxa2 49. h7 Ra8 50. Bxb4 Rh8 51. Bd2 Rxh7 52. b4 Ra7 53. g4 e3+ 54. Bxe3 Ra2+ 55. Kf3 Ra3 56. gxf5+ Kxf5 57. Re4 Rb3 58. Re8 Rxb4 59. Rf8+ Ke6 60. Bf2 Nf6 61. Be1 Rb3+ 62. Ke2 Ne4 63. Rh8 d5 64. Rd8 Ke5 65. Ba5 Kd4 66. Kd1 Kc4 67. Kc2 Nc5 68. Rc8 Rb7 69. Be1 Ra7 70. Kb1 Rf7 71. Ba5 Rf6 72. Bd8 Re6 73. Bh4 Re2 74. Bd8 Re8 75. Kc2 d4 76. Kd2 Rh8 77. Ke2 Re8+ 78. Kd2 Kd5 79. Rb8 d3 80. Bc7 Re2+ 81. Kc1 Kc4 82. Rc8 Ne6 83. Bg3+ Kd5 84. Kd1 Ra2 85. Be1 Nc5 86. Rd8+ Kc4 87. Rc8 Kd4 88. Rd8+ Ke3 89. Bc3 Ne4 90. Re8 Rg2 91. Be1 Rg1 92. Re7 Rg2 93. Bc3 Rc2 94. Ba5 Ra2 95. Bb6+ Kf3 96. Rf7+ Kg4 97. Bd4 Rh2 98. Rf1 Rg2 99. Kc1 Rc2+ 100. Kd1 Rg2 101. Kc1 Rh2 102. Kd1 Rh7 103. Be5 Kg5 104. Bf4+ Kf5 105. Bb8+ Ke6 106. Bf4 Rf7 107. Rf3 Rd7 108. Bc1 Rc7 109. Re3 Rc4 110. Bd2 Ke5 111. Bc1 Kd4 112. Rf3 Rc2 113. Rf4 Ke5 114. Rf3 Nf2+ 115. Ke1 Rxc1+ 116. Kd2 Rc2+ 117. Ke3 Re2# 0-1

[Event "NOR-chT Elite 2324"]
[Site "Norway"]
[Date "2023.10.29"]
[Round "3.53"]
[White "Elmi, Saad Abobaker"]
[Black "Gabrielsen, Stig"]
[Result "1/2-1/2"]
[WhiteElo "2336"]
[BlackElo "2277"]
[PlyCount "66"]
[EventDate "2023.10.27"]
[EventType "team-tourn"]
[EventRounds "9"]
[EventCountry "NOR"]
[SourceTitle "Mega2024 Update 01"]
[Source "Chessbase"]
[SourceDate "2023.11.12"]
[SourceVersion "1"]
[SourceVersionDate "2023.11.12"]
[SourceQuality "1"]
[WhiteTeam "Baerum"]
[BlackTeam "Bergens"]
[WhiteTeamCountry "NOR"]
[BlackTeamCountry "NOR"]

1. e4 g6 2. d4 Bg7 3. Nf3 d6 4. Bc4 Nf6 5. Qe2 0-0 6. h3 c6 7. e5 dxe5 8. dxe5 Nd5 9. a4 Be6 10. 0-0 Nd7 11. Re1 Nc7 12. Nc3 Bxc4 13. Qxc4 Ne6 14. Qh4 Re8 15. Bh6 Ndf8 16. Ne4 Qc7 17. Bxg7 Kxg7 18. Ra3 h6 19. Rae3 Rad8 20. b3 Rd7 21. Qg3 Red8 22. h4 Rd1 23. h5 Rxe1+ 24. Rxe1 Rd5 25. hxg6 Nxg6 26. Qg4 Nd4 27. Nxd4 Rxd4 28. c3 Rd5 29. f4 Qd7 30. Qxd7 Rxd7 31. g3 b6 32. Kf2 f5 33. exf6+ exf6 1/2-1/2

[Event "NOR-chT Elite 2324"]
[Site "Norway"]
[Date "2023.10.27"]
[Round "1.53"]
[White "Urkedal, Frode Olav Olsen"]
[Black "Elmi, Saad Abobaker"]
[Result "1-0"]
[WhiteElo "2519"]
[BlackElo "2336"]
[PlyCount "63"]
[EventDate "2023.10.27"]
[EventType "team-tourn"]
[EventRounds "9"]
[EventCountry "NOR"]
[SourceTitle "Mega2024 Update 01"]
[Source "Chessbase"]
[SourceDate "2023.11.12"]
[SourceVersion "1"]
[SourceVersionDate "2023.11.12"]
[SourceQuality "1"]
[WhiteTeam "Offerspill"]
[BlackTeam "Baerum"]
[WhiteTeamCountry "NOR"]
[BlackTeamCountry "NOR"]

1. e4 c5 2. Nf3 a6 3. c3 d5 4. exd5 Qxd5 5. d4 e6 6. Be3 cxd4 7. cxd4 Nf6 8. Nc3 Qd6 9. Bd3 Be7 10. 0-0 0-0 11. Rc1 Nc6 12. a3 Nd5 13. Bb1 Nf6 14. Qd3 g6 15. Bg5 Rd8 16. Rfd1 Bd7 17. Ba2 Be8 18. Qe2 Nd5 19. Ne4 Qc7 20. h4 Rac8 21. Nc5 Kg7 22. h5 Bxg5 23. Nxg5 Qe7 24. Qg4 Nf6 25. h6+ Kg8 26. Qh4 Nxd4 27. Rxd4 Rxc5 28. Rxc5 Qxc5 29. Rxd8 Qc1+ 30. Kh2 Qc7+ 31. g3 Qxd8 32. Ne4 1-0

[Event "Wch U18 blitz"]
[Site "Batumi"]
[Date "2023.06.10"]
[Round "2"]
[White "Karibaev, Dimash"]
[Black "Elmi, Saad Abobaker"]
[Result "0-1"]
[WhiteElo "1725"]
[BlackElo "2244"]
[PlyCount "103"]
[EventDate "2023.06.10"]
[EventType "swiss (blitz)"]
[EventRounds "11"]
[EventCountry "GEO"]
[SourceTitle "EXT 2024"]
[Source "ChessBase"]
[SourceDate "2023.10.10"]
[SourceVersion "1"]
[SourceVersionDate "2023.10.10"]
[SourceQuality "1"]
[WhiteTeam "Kazakhstan"]
[BlackTeam "Norway"]
[WhiteTeamCountry "KAZ"]
[BlackTeamCountry "NOR"]

1. e4 c5 2. Nf3 d6 3. d4 cxd4 4. Nxd4 Nf6 5. Nc3 Nc6 6. Be2 g6 7. Be3 Bg7 8. 0-0 0-0 9. Kh1 Nxd4 10. Bxd4 Be6 11. f4 Rc8 12. Qe1 a6 13. Rd1 Qc7 14. Qh4 b5 15. a3 Bc4 16. Bxc4 Qxc4 17. b3 Qc6 18. e5 dxe5 19. fxe5 Nd5 20. Nxd5 Qxd5 21. c3 Qe6 22. Rde1 Rfd8 23. b4 Rc4 24. Qg3 h5 25. Qf3 Rd5 26. h3 Rc8 27. Re4 Bh6 28. Qg3 Rd7 29. Re2 Bg7 30. Ref2 Rf8 31. Re2 Rd5 32. Rfe1 Rfd8 33. Rf1 R5d7 34. Ref2 Rf8 35. Re2 Rc8 36. Ref2 Rf8 37. Re2 Bh6 38. Ref2 Rd5 39. Re2 Kg7 40. Ref2 Kh7 41. Qf3 Bg7 42. Qg3 Kg8 43. Re2 f5 44. Qg5 Kh7 45. Rfe1 Bh6 46. Qg3 Rf7 47. Rf2 Rd8 48. Qf3 Qd5 49. Qg3 e6 50. Qh4 Rg8 51. Ref1 Qc4 52. Re1 0-1

[Event "Wch U18 rapid"]
[Site "Batumi"]
[Date "2023.06.08"]
[Round "8"]
[White "Elmi, Saad Abobaker"]
[Black "Rostomyan, Mikayel"]
[Result "1-0"]
[WhiteElo "2336"]
[BlackElo "2222"]
[PlyCount "89"]
[EventDate "2023.06.06"]
[EventType "swiss (rapid)"]
[EventRounds "11"]
[EventCountry "GEO"]
[SourceTitle "CBM 214 Extra"]
[Source "ChessBase"]
[SourceDate "2023.07.31"]
[SourceVersion "1"]
[SourceVersionDate "2023.07.31"]
[SourceQuality "1"]

1. e4 c5 2. Nf3 Nc6 3. Bb5 g6 4. 0-0 Bg7 5. c3 Nf6 6. Re1 0-0 7. d4 d5 8. e5 Ne4 9. Be3 Qb6 10. Bxc6 bxc6 11. Qc1 c4 12. Nbd2 Nxd2 13. Nxd2 Bf5 14. b3 Bd3 15. Qa3 Rfe8 16. e6 f6 17. Bf4 h5 18. h4 a5 19. bxc4 dxc4 20. Ne4 Bxe4 21. Rxe4 Qb5 22. Ree1 Qf5 23. Bg3 Bh6 24. Rab1 Bd2 25. Red1 Bh6 26. Qc5 Qxe6 27. Rb6 Rec8 28. Rdb1 Bf8 29. Rb7 Qd5 30. Qb6 a4 31. Ra7 Rxa7 32. Qxa7 Qe4 33. Qb7 Rd8 34. Qb6 Rd5 35. Rf1 Rb5 36. Qa6 g5 37. hxg5 Rxg5 38. Qxc4+ e6 39. f3 Qf5 40. Bh4 Rg6 41. Re1 Qf4 42. Qxe6+ Kh8 43. Qf7 Qxh4 44. Qxf8+ Kh7 45. Re7+ 1-0

[Event "Wch U18 rapid"]
[Site "Batumi"]
[Date "2023.06.06"]
[Round "2"]
[White "Murzin, Volodar"]
[Black "Elmi, Saad Abobaker"]
[Result "1-0"]
[WhiteElo "2612"]
[BlackElo "2336"]
[PlyCount "79"]
[EventDate "2023.06.06"]
[EventType "swiss (rapid)"]
[EventRounds "11"]
[EventCountry "GEO"]
[SourceTitle "CBM 214 Extra"]
[Source "ChessBase"]
[SourceDate "2023.07.31"]
[SourceVersion "1"]
[SourceVersionDate "2023.07.31"]
[SourceQuality "1"]

1. e4 c5 2. Nf3 d6 3. d4 cxd4 4. Nxd4 Nf6 5. Nc3 Nc6 6. Bg5 e6 7. Qd3 Bd7 8. Ndb5 Nb4 9. Qd1 Qb8 10. Bf4 e5 11. Bg5 a6 12. Na3 b5 13. Bxf6 gxf6 14. g3 Bg7 15. Bg2 0-0 16. 0-0 Nc6 17. Nd5 f5 18. Bh3 Kh8 19. c3 Ra7 20. Bxf5 Bxf5 21. exf5 f6 22. Re1 a5 23. Qd3 Rb7 24. Re4 Bh6 25. Rd1 a4 26. Nc2 Na5 27. Nce3 Nc4 28. Nxc4 bxc4 29. Rxc4 Rxb2 30. Rxa4 Qe8 31. Qe4 Qh5 32. Re1 Rd2 33. Ra7 Bg5 34. h4 Bxh4 35. gxh4 Rg8+ 36. Kf1 Rxd5 37. Qxd5 Qxf5 38. Qe4 Qh3+ 39. Ke2 f5 40. Qf3 1-0

[Event "Fagernes op-A"]
[Site "Fagernes"]
[Date "2023.04.08"]
[Round "8"]
[White "Hillarp Persson, Tiger"]
[Black "Elmi, Saad Abobaker"]
[Result "1-0"]
[WhiteElo "2513"]
[BlackElo "2321"]
[PlyCount "95"]
[EventDate "2023.04.02"]
[EventType "swiss"]
[EventRounds "9"]
[EventCountry "NOR"]
[SourceTitle "CBM 213 Extra"]
[Source "ChessBase"]
[SourceDate "2023.05.31"]
[SourceVersion "1"]
[SourceVersionDate "2023.05.31"]
[SourceQuality "1"]

1. e3 e5 2. c4 Nf6 3. Nc3 Bb4 4. Nge2 c6 5. d4 exd4 6. Qxd4 Qe7 7. a3 Bc5 8. Qh4 a5 9. Ng3 d5 10. cxd5 cxd5 11. Nh5 Nxh5 12. Qxh5 d4 13. Nd5 Qd6 14. e4 0-0 15. Bf4 Qe6 16. Bd3 g6 17. Qh4 Nd7 18. Rc1 Bd6 19. Bxd6 Qxd6 20. f4 f6 21. Rc7 b6 22. 0-0 Ba6 23. Bxa6 Rxa6 24. Rd1 b5 25. Rxd4 Kh8 26. h3 Rc6 27. Rxc6 Qxc6 28. Kh2 Nc5 29. Qh6 Re8 30. Ne7 Qc7 31. Nxg6+ Kg8 32. e5 Ne6 33. Rd6 Ng7 34. Rxf6 hxg6 35. Rxg6 Qf7 36. e6 Qc7 37. Qg5 Kf8 38. Qh4 Kg8 39. Qg5 b4 40. axb4 axb4 41. h4 Qe7 42. Qxe7 Rxe7 43. f5 Kh7 44. g4 Rc7 45. h5 Rc2+ 46. Kg3 Rxb2 47. e7 Re2 48. f6 1-0

[Event "Titled Tuesday intern op 04th Apr Late"]
[Site "Chess.com INT"]
[Date "2023.04.04"]
[Round "5"]
[White "Mendez Fortes, Eduardo Jesus"]
[Black "Elmi, Saad Abobaker"]
[Result "1/2-1/2"]
[WhiteElo "2250"]
[BlackElo "2321"]
[PlyCount "100"]
[EventDate "2023.04.04"]
[EventType "swiss (blitz)"]
[EventRounds "11"]
[EventCountry "USA"]
[SourceTitle "EXT 2024"]
[Source "ChessBase"]
[SourceDate "2023.10.10"]
[SourceVersion "1"]
[SourceVersionDate "2023.10.10"]
[SourceQuality "1"]

1. e4 c5 2. Nf3 e6 3. d4 cxd4 4. Nxd4 Nc6 5. Nc3 Nf6 6. Ndb5 Bb4 7. a3 Bxc3+ 8. Nxc3 d5 9. exd5 exd5 10. Bd3 Bg4 11. f3 Bh5 12. 0-0 0-0 13. Ne2 Re8 14. Kh1 Ne5 15. Nf4 Bg6 16. Nxg6 hxg6 17. Bb5 Re6 18. Be3 Nc4 19. Bd4 Ne3 20. Bxe3 Rxe3 21. Qd4 Qe7 22. Bd3 Re8 23. Qxa7 Nh5 24. Qd4 Qg5 25. a4 Nf4 26. g3 Nxd3 27. cxd3 Re2 28. Rf2 Qd2 29. Raf1 R8e3 30. Kg2 Rxd3 31. Qb6 Kh7 32. Qxb7 Rxf2+ 33. Rxf2 Qe1 34. Qc8 f5 35. Qd8 Rd4 36. a5 Rd1 37. Qh4+ Kg8 38. Qd8+ Kf7 39. Qd7+ Kf6 40. Qd6+ Kf7 41. Qc7+ Ke8 42. Qb8+ Kd7 43. Qb7+ Kd6 44. Qb6+ Ke5 45. Qc7+ Kd4 46. Qb6+ Ke5 47. Qc7+ Kf6 48. Qd8+ Kf7 49. Qd7+ Kg8 50. Qd8+ Kf7 1/2-1/2

[Event "Fagernes op-A"]
[Site "Fagernes"]
[Date "2023.04.04"]
[Round "3"]
[White "Socko, Bartosz"]
[Black "Elmi, Saad Abobaker"]
[Result "1-0"]
[WhiteElo "2601"]
[BlackElo "2321"]
[PlyCount "75"]
[EventDate "2023.04.02"]
[EventType "swiss"]
[EventRounds "9"]
[EventCountry "NOR"]
[SourceTitle "CBM 213 Extra"]
[Source "ChessBase"]
[SourceDate "2023.05.31"]
[SourceVersion "1"]
[SourceVersionDate "2023.05.31"]
[SourceQuality "1"]

1. e4 c5 2. Nf3 e6 3. g3 d5 4. exd5 exd5 5. d4 cxd4 6. Nxd4 Nf6 7. Bg2 Be7 8. 0-0 0-0 9. Nc3 Nc6 10. h3 Qb6 11. Nce2 Re8 12. c3 h6 13. Qb3 Bc5 14. Be3 Bd7 15. Qxb6 Bxb6 16. Rad1 g5 17. g4 Ne5 18. Ng3 Nc4 19. Bc1 Nd6 20. Nc2 Bb5 21. Rfe1 Rxe1+ 22. Rxe1 Nfe4 23. Nxe4 dxe4 24. Be3 Bxe3 25. Nxe3 Re8 26. Rd1 Re6 27. Bf1 Bxf1 28. Kxf1 Kf8 29. c4 b6 30. Ke2 Ke7 31. Rd5 Rf6 32. b4 Rf3 33. a4 Ke6 34. Rd4 Ke5 35. c5 Ne8 36. Rd7 Ke6 37. c6 Rxh3 38. Rxa7 1-0

[Event "Fagernes op-A"]
[Site "Fagernes"]
[Date "2023.04.02"]
[Round "1"]
[White "Sethuraman, SP."]
[Black "Elmi, Saad Abobaker"]
[Result "1-0"]
[WhiteElo "2639"]
[BlackElo "2321"]
[PlyCount "81"]
[EventDate "2023.04.02"]
[EventType "swiss"]
[EventRounds "9"]
[EventCountry "NOR"]
[SourceTitle "CBM 213 Extra"]
[Source "ChessBase"]
[SourceDate "2023.05.31"]
[SourceVersion "1"]
[SourceVersionDate "2023.05.31"]
[SourceQuality "1"]

1. e4 c5 2. Nf3 e6 3. c3 d5 4. e5 d4 5. Bd3 Bd7 6. Be4 Bc6 7. Qe2 Ne7 8. d3 Bxe4 9. Qxe4 Nbc6 10. 0-0 dxc3 11. bxc3 Qd5 12. Qe2 Rd8 13. Rd1 Ng6 14. d4 cxd4 15. cxd4 Be7 16. Nc3 Qa5 17. Ne4 0-0 18. g3 Rd7 19. h4 Rfd8 20. Bb2 h6 21. h5 Nf8 22. a4 Nb4 23. Qb5 Qc7 24. Rac1 Nc6 25. Qb3 Qa5 26. Qb5 Qc7 27. Qe2 Qa5 28. Bc3 Bb4 29. Bxb4 Qxb4 30. Rb1 Qa3 31. Nd6 b6 32. Qe4 Ne7 33. Ra1 Qb3 34. Rdb1 Qc3 35. Rc1 Qb3 36. Rcb1 Qc3 37. Rc1 Qb2 38. Qd3 Qb4 39. a5 Rxd6 40. exd6 Qxd6 41. Qe4 1-0

[Event "Kragero op"]
[Site "Kragero"]
[Date "2023.02.23"]
[Round "4"]
[White "Jonsson, Gauti Pall"]
[Black "Elmi, Saad Abobaker"]
[Result "0-1"]
[WhiteElo "2047"]
[BlackElo "2333"]
[PlyCount "100"]
[EventDate "2023.02.22"]
[EventType "swiss"]
[EventRounds "9"]
[EventCountry "NOR"]
[SourceTitle "CBM 212 Extra"]
[Source "ChessBase"]
[SourceDate "2023.03.31"]
[SourceVersion "1"]
[SourceVersionDate "2023.03.31"]
[SourceQuality "1"]

1. e4 c5 2. a3 g6 3. Nc3 Bg7 4. Bc4 Nc6 5. d3 d6 6. Ba2 Rb8 7. h4 h5 8. Nh3 Bxh3 9. Rxh3 e6 10. Bf4 b5 11. Qd2 Qd7 12. Kf1 Nd4 13. Nd1 Ne7 14. c3 Ndc6 15. Be3 Ne5 16. f3 Qc6 17. b3 b4 18. d4 bxc3 19. Nxc3 cxd4 20. Bxd4 0-0 21. Kg1 Qa6 22. f4 Ng4 23. Bxg7 Kxg7 24. Na4 d5 25. Nc5 Qb6 26. b4 dxe4 27. Qd4+ Kg8 28. Qxe4 a5 29. Rb1 Rfd8 30. Rd3 Nf5 31. Rbd1 Rxd3 32. Rxd3 axb4 33. axb4 Qxb4 34. Qxb4 Rxb4 35. Rd8+ Kg7 36. Rd7 Kf6 37. Nd3 Ra4 38. Ne5 Nxe5 39. fxe5+ Kxe5 40. Bb3 Ra1+ 41. Kh2 Kf6 42. g3 Ra3 43. Rb7 Nd4 44. Bc4 Rc3 45. Rc7 Nf5 46. Rc8 Nd6 47. Rc5 Rc2+ 48. Kh3 Rc3 49. Rf5+ Nxf5 50. Bd3 Rxd3 0-1

[Event "Prague op 21st"]
[Site "Prague"]
[Date "2023.01.10"]
[Round "6"]
[White "Chen, Qi B"]
[Black "Elmi, Saad Abobaker"]
[Result "1-0"]
[WhiteElo "2484"]
[BlackElo "2326"]
[PlyCount "83"]
[EventDate "2023.01.06"]
[EventType "swiss"]
[EventRounds "9"]
[EventCountry "CZE"]
[SourceTitle "CBM 212 Extra"]
[Source "ChessBase"]
[SourceDate "2023.03.31"]
[SourceVersion "1"]
[SourceVersionDate "2023.03.31"]
[SourceQuality "1"]

1. e4 e5 2. Nf3 Nc6 3. Bb5 a6 4. Ba4 Nge7 5. c3 g6 6. d4 exd4 7. cxd4 b5 8. Bb3 Bg7 9. d5 Na5 10. Bd2 Nxb3 11. Qxb3 0-0 12. Bc3 d6 13. 0-0 Bb7 14. Bxg7 Kxg7 15. Nc3 c5 16. dxc6 Nxc6 17. Rad1 Re8 18. Rfe1 Ne5 19. Nd4 Qh4 20. f3 Rac8 21. Nde2 Rc4 22. Ng3 Qf6 23. Nf1 Nd7 24. Ne3 Rcc8 25. Rd2 Ne5 26. Qd1 Qg5 27. Rxd6 Red8 28. Rxd8 Rxd8 29. Ncd5 Qh4 30. Qd2 Rc8 31. Rd1 Kg8 32. Qd4 Qg5 33. f4 Nf3+ 34. Kf2 Nxd4 35. fxg5 Nc6 36. Nf6+ Kg7 37. Rd7 Ba8 38. Neg4 Nd8 39. Ne8+ Kf8 40. Nd6 Bc6 41. Ra7 Ra8 42. Rc7 1-0